Cooperativismo - Sindicalismo. Las comisiones nacionales de sindicalismo cooperativismo. Parte IV /

Wedi'i Gadw mewn:
Manylion Llyfryddiaeth
Awduron Corfforaethol: CMT, CLASC FCL ILATES
Fformat: Texto
Cyhoeddwyd: Caracas: CMT
Tagiau: Ychwanegu Tag
Dim Tagiau, Byddwch y cyntaf i dagio'r cofnod hwn!

MARC

LEADER 00000 a a2200000 04500
001 25973
003
040
090 |a 182517  
110 |a CMT  
245 |a Cooperativismo - Sindicalismo. Las comisiones nacionales de sindicalismo cooperativismo. Parte IV /  |c CMT  
260 |a Caracas:   |b CMT  
300 |a p.irreg.   |b fonodiscos   |b escudos de armas  
710 |a CLASC   |a FCL   |a ILATES  
999 |c 1762  |d 1762